书目信息 |
| 题名: |
集成电路工艺PDK技术
|
|
| 作者: | 刘军 , 陈展飞 , 朱能勇 编著 | |
| 分册: | ||
| 出版信息: | 北京 电子工业出版社 2024.10 |
|
| 页数: | 209页 | |
| 开本: | 26cm | |
| 丛书名: | 集成电路系列丛书 | |
| 单 册: | ||
| 中图分类: | TN405 | |
| 科图分类: | ||
| 主题词: | 集成电路工艺--ji cheng dian lu gong yi--教材 | |
| 电子资源: | ||
| ISBN: | 978-7-121-48936-5 | |
| 000 | 01325nam 2200325 450 | |
| 001 | 95093 | |
| 005 | 20250901180735.80 | |
| 010 | @a978-7-121-48936-5@dCNY55.00 | |
| 100 | @a20241128d2024 em y0chiy50 ea | |
| 101 | 0 | @achi |
| 102 | @aCN@b110000 | |
| 105 | @aa a 000yy | |
| 106 | @ar | |
| 200 | 1 | @a集成电路工艺PDK技术@Aji cheng dian lu gong yiPDKji shu@e基于华大九天设计平台的PDK开发教程@f刘军, 陈展飞, 朱能勇编著 |
| 210 | @a北京@c电子工业出版社@d2024.10 | |
| 215 | @a209页@c图@d26cm | |
| 225 | 2 | @a集成电路系列丛书@Aji cheng dian lu xi lie cong shu@i电子设计自动化 |
| 225 | 2 | @a国产EDA系列教材@Aguo chan EDAxi lie jiao cai |
| 320 | @a有书目 | |
| 330 | @a本书立足于EDA工具平台 —— 华大九天EDA工具集, 详细讲述了EPDK的开发流程。全书共有六个章节, 分别介绍了PDK的背景、PDK的架构、EPDK开发流程、开发实例, 以及验证方法等内容。 | |
| 410 | 0 | @12001 @a集成电路系列丛书@i电子设计自动化 |
| 410 | 0 | @12001 @a国产EDA系列教材 |
| 517 | 1 | @a基于华大九天设计平台的PDK开发教程@Aji yu hua da jiu tian she ji ping tai de PDK kai fa jiao cheng |
| 606 | 0 | @a集成电路工艺@Aji cheng dian lu gong yi@j教材 |
| 690 | @aTN405@v5 | |
| 701 | 0 | @a刘军@Aliu jun@4编著 |
| 701 | 0 | @a陈展飞@Achen zhan fei@4编著 |
| 701 | 0 | @a朱能勇@Azhu neng yong@4编著 |
| 801 | 0 | @aCN@c20250909 |
| 905 | @a河南城建学院图书馆@dTN405@eL635@f1 | |
| 集成电路工艺PDK技术:基于华大九天设计平台的PDK开发教程/刘军, 陈展飞, 朱能勇编著.-北京:电子工业出版社,2024.10 |
| 209页:图;26cm.-(集成电路系列丛书.电子设计自动化).-(国产EDA系列教材) |
| ISBN 978-7-121-48936-5:CNY55.00 |
| 本书立足于EDA工具平台 —— 华大九天EDA工具集, 详细讲述了EPDK的开发流程。全书共有六个章节, 分别介绍了PDK的背景、PDK的架构、EPDK开发流程、开发实例, 以及验证方法等内容。 |
| ● |
| 相关链接 |
|
|
|
正题名:集成电路工艺PDK技术
索取号:TN405/L635
 
预约/预借
| 序号 | 登录号 | 条形码 | 馆藏地/架位号 | 状态 | 备注 |
| 1 | 1629151 | 216291518 | 自科库301/301自科库 26排4列3层/ [索取号:TN405/L635] | 在馆 |